-and there was television

Saved in:
Bibliographic Details
Main Author: Cashmore, Ernest
Format: Book
Language:English
Published: London and New York : Routledge, 1994
Subjects:
Tags: Add Tag
No Tags, Be the first to tag this record!

MARC

LEADER 00000nam a2200000 i 4500
001 1/39843
008 960129s1994 eng d
020 |a 0-415-09131-4 
035 |l 10025120 
040 |a GR-MY-UA  |b gre  |e aacr 
041 0 |a eng 
082 0 |a 791.45 
100 1 |a Cashmore, Ernest. 
245 1 0 |a -and there was television /  |c Ellis Cashmore 
260 |a London and New York :   |b Routledge,   |c 1994 
300 |a 222 p. 
500 |a Includes bibliographical references and index 
650 0 0 |a Television broadcasting  |x Social aspects. 
852 |a INST  |b CHIOS  |e 19960129  |h 791.45 CAS  |p 005200001048  |q 005200001048  |t BK  |y 0 
909 |a Χ  |b 040391